000 00777nam a2200265Ia 4500
003 OSt
005 20220925180342.0
006 a|||||r|||| 00| 0
007 ta
008 220923b |||||||| |||| 00| 0 eng d
020 _a0262122154
037 _cGeneral Book
040 _aRTL
_cRTL
_beng
041 _2eng
_aeng
082 _aX:54, N9
100 _aLipson Charles
_9117623
245 0 _aTheory and structure in international political ec
260 _aCambridge
_bM I T Press UK
_c1999
300 _a426p. Bibliography chapterwise
_ccm.
490 _aInternational organization reader
650 _aExport
700 _a Cohen Benjamin J
_936459
942 _hX:54, N9
_cGB
_2CC
999 _c496333
_d496333